000 00528nam a22001937a 4500
003 MPLRDC
005 20220104200300.0
008 210129b ||||| |||| 00| 0 eng d
020 _a978-986-85015-2-2
082 _a224.518 CMH
100 _a蔡孟桦 主编
245 _a献给旅行者365日
_c星云大师 总监修
250 _a初版四刷
260 _a台湾
_b佛光出版社
_c2015
300 _b
490 _a人间佛教读本
650 _a佛教语文--杂著; 佛教宝典
942 _cBK
_o224.518 CMH
999 _c66622
_d66612